Comentarios al Cd̤igo Civil y compilaciones forales

Detalles Bibliográficos
Otros Autores: Albaladejo Garca̕, Manuel (Conductor), Len̤ Alonso, Jos ̌R
Formato: Desconocido
Lenguaje:español
Publicado: Madrid : Revista de Derecho Privado : Editoriales de Derecho Reunidas, 2001
Edición:2® ed
Materias:
Acceso en línea:Acceso restringido

MARC

LEADER 00000ny a22000003n 4500
005 20110606121436.0
008 970410s1986 sp s 000 0 spa c
020 |a 847130550X 
035 |a 471 
040 |a UMA.RE  |d vLex 
080 |a 347(460) 
090 |c 432  |d 432 
245 0 0 |a Comentarios al Cd̤igo Civil y compilaciones forales  |h [Recurso electrn̤ico]  |c dirigidos por Manuel Albaladejo 
250 |a 2® ed 
256 |a Servicio en ln̕ea 
260 |a Madrid :  |b Revista de Derecho Privado :  |b Editoriales de Derecho Reunidas,  |c 2001 
505 0 |t Tomo XXI, Vol.2, Artc̕ulos 1.709 a 1.739 del Cd̤igo civil /  |r comentados por Jos ̌R. Len̤ Alonso 
506 1 |a Contenido solo disponible en los productos indicados  |d vLex Global  |d vLex Global (Academic Edition, excluding Law Schools)  |d vLex Global (U.S. Academic Edition, Law Schools)  |d vLex Global (U.S. Academic Edition, excluding Law Schools)  |d vLex Global (Academic Edition, Law Schools) 
650 0 7 |2 Tesauro vLex  |a Civil 
650 0 7 |2 Tesauro vLex  |a Cd̤igo civil 
650 0 7 |2 Tesauro vLex  |a Mandato 
650 0 7 |2 Tesauro vLex  |a Contratos de mandato 
700 1 |a Albaladejo Garca̕, Manuel,  |e dir 
700 1 |a Len̤ Alonso, Jos ̌R 
740 0 |a vLex Libros (Servicios en ln̕ea) 
856 4 0 |z Acceso restringido  |u http://vlex.com/source/471 
942 |c BOOK